000 01376nam a22003737a 4500
003 CHAP
005 20220329140902.0
008 971013s1973 r 00010 d
010 _a59284
011 _a60256
035 _a64416
040 _cCHAP
082 _a338.972
_bP8
100 0 0 _aPuente Berumen, Jesús Armando.
_992893
245 _aProyecto de preinversión agropecuaria en cuatro zonas del estado de Puebla
_b: resumen
260 _aMéxico :
_bAsociación de Banqueros de México,
_c1973
300 _a77 p.
490 _aSerie de estudios de preinversión
_v; 2
590 _aBATCH-UPD
_b10
_c20130110
_lUCH01
_h0507
590 _aBATCH-UPD
_b10
_c20130110
_lUCH01
_h2258
590 _aBATCH-UPD
_b10
_c20130410
_lUCH01
_h0145
590 _aBATCH-UPD
_b10
_c20130410
_lUCH01
_h1551
590 _aBATCH-UPD
_b10
_c20130913
_lUCH01
_h2134
590 _aCONVERSION
_b10
_c20130109
_lUCH01
_h1332
650 1 4 _aAgricultura
_xAspectos economicos
_xPuebla.
_91287
650 1 4 _aAgricultura
_xPuebla.
_91775
650 1 4 _aPolítica agrícola
_xPuebla.
_990353
700 0 _aLuna Durán, Jesús Antonio.
_969042
830 0 _aSerie de estudios de preinversión
_v; 2
_9104720
901 _aBK
942 _cLIBRO
949 _a338.972 P8
_bBC
_cLIBRO
_d33724000119863
_eLIBRO
_i64416
_si
949 _a338.972 P8
_bBC
_cLIBRO
_d33724000819173
_eLIBRO
_fc.2
_gDonaciØn
_h100955
_i64416
_sb
999 _c59284
_d59284